Culture connection : (Record no. 494)
[ view plain ]
| 000 -LEADER | |
|---|---|
| fixed length control field | 00736nam a22002417a 4500 |
| 005 - DATE AND TIME OF LATEST TRANSACTION | |
| control field | 20140621075025.0 |
| 008 - FIXED-LENGTH DATA ELEMENTS--GENERAL INFORMATION | |
| fixed length control field | 110811s2012 nyua b 000 0 eng |
| 020 ## - INTERNATIONAL STANDARD BOOK NUMBER | |
| International Standard Book Number | 9780071788762 |
| 020 ## - INTERNATIONAL STANDARD BOOK NUMBER | |
| International Standard Book Number | 007178876X (alk. paper) |
| 024 #0 - OTHER STANDARD IDENTIFIER | |
| Terms of availability | eng |
| 080 ## - UNIVERSAL DECIMAL CLASSIFICATION NUMBER | |
| Universal Decimal Classification number | 008 |
| 100 1# - Rafti | |
| Rafti | Parker, Marty. |
| 245 10 - TITLE STATEMENT | |
| Title | Culture connection : |
| Statement of responsibility, etc | Marty Parker. |
| 250 ## - | |
| -- | 1 st.ed: |
| 260 ## - | |
| -- | New York : |
| -- | McGraw-Hill, |
| -- | 2012. |
| 300 ## - | |
| -- | 215 f. : |
| -- | me il.; |
| -- | 23 cm. |
| 650 #0 - | |
| -- | Kultura |
| 650 #0 - | |
| -- | Corporate culture |
| -- | Canada. |
| 650 #0 - | |
| -- | Organizational behavior. |
| 650 #0 - | |
| -- | Organizational effectiveness. |
| 650 #0 - | |
| -- | Performance. |
| 942 ## - ADDED ENTRY ELEMENTS (KOHA) | |
| Source of classification or shelving scheme | |
| Item type | Books |
| Withdrawn status | Lost status | Source of classification or shelving scheme | Damaged status | Not for loan | Collection code | Permanent location | Current location | Shelving location | Date acquired | Total Checkouts | Full call number | Barcode | Date last seen | Koha item type |
|---|---|---|---|---|---|---|---|---|---|---|---|---|---|---|
| Koleksioni i përgjithshem | UBT - Ferizaj | UBT - Ferizaj | Koleksioni i përgjithshem | 06/21/2014 | 008 PAR | 003000654 | 06/21/2014 | Books | ||||||
| Koleksioni i përgjithshem | UBT - Ferizaj | UBT - Ferizaj | Koleksioni i përgjithshem | 06/21/2014 | 008 PAR | 003000655 | 06/21/2014 | Books | ||||||
| Koleksioni i përgjithshem | UBT - Ferizaj | UBT - Ferizaj | Koleksioni i përgjithshem | 06/21/2014 | 008 PAR | 003000656 | 06/21/2014 | Books | ||||||
| Koleksioni i përgjithshem | UBT - Ferizaj | UBT - Ferizaj | Koleksioni i përgjithshem | 06/21/2014 | 008 PAR | 003000657 | 06/21/2014 | Books | ||||||
| Koleksioni i përgjithshem | UBT - Ferizaj | UBT - Ferizaj | Koleksioni i përgjithshem | 06/21/2014 | 008 PAR | 003000658 | 06/21/2014 | Books | ||||||
| Koleksioni i përgjithshem | UBT - Ferizaj | UBT - Ferizaj | Koleksioni i përgjithshem | 06/21/2014 | 008 PAR | 003000659 | 06/21/2014 | Books | ||||||
| Koleksioni i përgjithshem | UBT - Ferizaj | UBT - Ferizaj | Koleksioni i përgjithshem | 06/21/2014 | 008 PAR | 003000660 | 06/21/2014 | Books | ||||||
| Koleksioni i përgjithshem | UBT - Ferizaj | UBT - Ferizaj | Koleksioni i përgjithshem | 06/21/2014 | 008 PAR | 003000661 | 06/21/2014 | Books | ||||||
| Koleksioni i përgjithshem | UBT - Ferizaj | UBT - Ferizaj | Koleksioni i përgjithshem | 06/21/2014 | 008 PAR | 003000662 | 06/21/2014 | Books | ||||||
| Koleksioni i përgjithshem | UBT - Ferizaj | UBT - Ferizaj | Koleksioni i përgjithshem | 06/21/2014 | 008 PAR | 003000663 | 06/21/2014 | Books |